[Event "Kieler Open 2021"]
[Site "Kiel"]
[Date "2021.07.25"]
[Round "3.5"]
[White "Garbuszus, Jürgen"]
[Black "Dietz, Florian"]
[Result "0-1"]
[WhiteElo "2025"]
[BlackElo "2277"]
[Annotator "PS"]
[PlyCount "74"]
[EventDate "2021.??.??"]

1. d4 Nf6 2. c4 g6 3. Nc3 Bg7 4. e4 d6 5. f3 O-O 6. Bg5 a6 7. Qd2 Nbd7 8. Nh3
c5 9. d5 b5 10. cxb5 axb5 11. Bxb5 Ba6 12. Bxa6 Rxa6 13. O-O Qa5 14. Bh6 Bxh6
15. Qxh6 Rb8 16. Rab1 Rab6 17. Qd2 c4 18. Nf2 Nc5 19. g3 Nfd7 20. f4 Na4 21.
Nfd1 Ndc5 22. f5 Nxc3 23. Nxc3 Na4 24. fxg6 fxg6 25. Qf4 Qa7 26. Qf2 Nc5 27.
Kg2 Nd3 28. Qf7+ Kh8 29. Kh3 Ne5 30. Qf2 Qb7 31. Nd1 Qa6 32. Nc3 Qb7 33. Nd1
Qa8 34. Nc3 Kg8 35. Kh4 Qb7 36. Nd1 Qc8 37. Qf4 h6 0-1

[Event "Kieler Open 2021"]
[Site "Kiel"]
[Date "2021.07.25"]
[Round "3.6"]
[White "Mitscherling, Andreas"]
[Black "Krieglstein, Marcel"]
[Result "1-0"]
[WhiteElo "2185"]
[BlackElo "1962"]
[Annotator "PS"]
[PlyCount "27"]
[EventDate "2021.??.??"]

1. c4 f5 2. g3 Nf6 3. d4 e6 4. Nc3 Be7 5. Bg2 O-O 6. Nf3 c6 7. d5 cxd5 8. cxd5
Bb4 9. Bg5 Qa5 10. Bxf6 Rxf6 11. Nd2 Na6 12. Rc1 Bxc3 13. Rxc3 Qxa2 14. Qc1 1-0

[Event "Kieler Open 2021"]
[Site "Kiel"]
[Date "2021.07.25"]
[Round "3.7"]
[White "Blietschau, Volker"]
[Black "Gaerths, Ronny"]
[Result "0-1"]
[WhiteElo "2010"]
[BlackElo "2171"]
[Annotator "PS"]
[PlyCount "78"]
[EventDate "2021.??.??"]

1. e4 g6 2. d4 Bg7 3. g3 c5 4. c3 cxd4 5. cxd4 d5 6. e5 Nc6 7. Nc3 h5 8. Bg2 e6
9. Nh3 Qb6 10. Ne2 Nge7 11. O-O Nf5 12. Be3 Qxb2 13. Qd3 Qb6 14. Rab1 Qa5 15.
a3 Bf8 16. Rb3 Be7 17. Bg5 Qd8 18. Bxe7 Qxe7 19. f3 b6 20. Rc3 Na5 21. g4 Nh4
22. Bh1 Nc4 23. Ng3 Ba6 24. Qc2 O-O-O 25. Qa4 Kb7 26. f4 b5 27. Qc2 hxg4 28.
Ng5 Rc8 29. Qd3 Nf5 30. Rb1 Nxg3 31. hxg3 Nb6 32. Rcb3 b4 33. Qd2 Rc7 34. Rxb4
Rhc8 35. Qb2 Ka8 36. a4 Rc2 37. Qb3 R8c3 38. Rxb6 axb6 39. Qxb6 Rxg3+ 0-1

[Event "Kieler Open 2021"]
[Site "Kiel"]
[Date "2021.07.25"]
[Round "3.8"]
[White "Buchholz, Sebastian"]
[Black "Hufendiek, Ekkehard"]
[Result "1-0"]
[WhiteElo "2151"]
[BlackElo "1954"]
[Annotator "PS"]
[PlyCount "49"]
[EventDate "2021.??.??"]

1. e4 e5 2. Nf3 Nc6 3. Bc4 Nf6 4. d3 Bc5 5. c3 a6 6. Bb3 d6 7. Nbd2 O-O 8. O-O
Ba7 9. h3 Ne7 10. Re1 Ng6 11. Nf1 h6 12. Ng3 Be6 13. d4 Qc8 14. Qd3 Bxb3 15.
axb3 Re8 16. Be3 Nd7 17. Qd2 Ndf8 18. Bxh6 gxh6 19. Qxh6 f6 20. Nh5 Re7 21.
Nxf6+ Kf7 22. Nd5 Rd7 23. dxe5 Nxe5 24. Ng5+ Ke8 25. Nf6+ 1-0

[Event "Kieler Open 2021"]
[Site "Kiel"]
[Date "2021.07.25"]
[Round "3.9"]
[White "Helms, Finn"]
[Black "Popvasilev, Kaloyan"]
[Result "1/2-1/2"]
[WhiteElo "1972"]
[BlackElo "2127"]
[Annotator "PS"]
[PlyCount "41"]
[EventDate "2021.??.??"]

1. e4 c5 2. Nf3 d6 3. d4 Nf6 4. Nc3 cxd4 5. Nxd4 Nc6 6. Be3 e5 7. Nb3 Be7 8. f3
O-O 9. Qd2 a5 10. a4 Nb4 11. Nd5 Nfxd5 12. exd5 f5 13. c3 Bh4+ 14. Kd1 Na6 15.
Bd3 b6 16. f4 Bb7 17. Bb5 Kh8 18. g3 Bf6 19. Qd3 Nc5 20. Nxc5 dxc5 21. Bc4
1/2-1/2

[Event "Kieler Open 2021"]
[Site "Kiel"]
[Date "2021.07.25"]
[Round "3.10"]
[White "Schmidt, Peter"]
[Black "Steffens, Olaf"]
[Result "0-1"]
[WhiteElo "1913"]
[BlackElo "2145"]
[Annotator "PS"]
[PlyCount "60"]
[EventDate "2021.??.??"]

1. e4 Nc6 2. d4 d5 3. exd5 Qxd5 4. Nf3 e5 5. Be3 Bg4 6. Nc3 Bb4 7. dxe5 Qa5 8.
e6 fxe6 9. Qd3 Nge7 10. O-O-O Rd8 11. Qc4 Rxd1+ 12. Kxd1 Ne5 13. Qb5+ Kf7 14.
Qxa5 Bxa5 15. Be2 Bxc3 16. bxc3 Nxf3 17. gxf3 Bf5 18. Bd3 Rd8 19. Kd2 b6 20.
Rb1 c5 21. c4 Nc6 22. Kc3 Nb4 23. Bxf5 exf5 24. a3 Nc6 25. f4 Rd6 26. a4 Rh6
27. Rh1 Rh3 28. Kd3 Na5 29. Kc3 g5 30. fxg5 f4 0-1

[Event "Kieler Open 2021"]
[Site "Kiel"]
[Date "2021.07.25"]
[Round "3.11"]
[White "Weihrauch, Jakob"]
[Black "Peglau, Markus"]
[Result "1-0"]
[WhiteElo "2137"]
[BlackElo "1836"]
[Annotator "PS"]
[PlyCount "81"]
[EventDate "2021.??.??"]

1. e4 c6 2. d4 d5 3. e5 Bf5 4. h4 Qc7 5. g4 Bd7 6. h5 c5 7. c3 Nc6 8. Be3 O-O-O
9. f4 Nh6 10. Be2 Qb6 11. b3 e6 12. a3 Kb8 13. b4 cxd4 14. cxd4 Rc8 15. Nh3 Be7
16. Nf2 a6 17. Ra2 Na7 18. Nd3 Bb5 19. Nc5 Rc7 20. Nc3 Rhc8 21. f5 Bxe2 22.
Qxe2 Nb5 23. Nxb5 Qxb5 24. Qxb5 axb5 25. f6 Nxg4 26. Bf4 Bxc5 27. bxc5 gxf6 28.
exf6 e5 29. dxe5 Rxc5 30. Rh4 Nxf6 31. exf6+ Ka8 32. Re2 Rc3 33. Bd6 Rf3 34.
Be7 Ka7 35. Rb4 Rxa3 36. Rxb5 Ra1+ 37. Kf2 d4 38. Reb2 Rc7 39. Bc5+ Ka6 40.
Bxd4 Ra4 41. Rb6+ 1-0

[Event "Kieler Open 2021"]
[Site "Kiel"]
[Date "2021.07.25"]
[Round "3.12"]
[White "Bus, Tom"]
[Black "Nittel, Christian"]
[Result "1-0"]
[WhiteElo "2108"]
[BlackElo "1795"]
[Annotator "PS"]
[PlyCount "33"]
[EventDate "2021.??.??"]

1. Nf3 Nf6 2. g3 g6 3. b3 Bg7 4. Bb2 O-O 5. Bg2 d5 6. c4 c6 7. O-O Re8 8. d3
Bf5 9. Nbd2 Nbd7 10. cxd5 cxd5 11. Nd4 e5 12. Nxf5 gxf5 13. Nf3 Qe7 14. Nh4 Qe6
15. Bh3 Ng4 16. e4 dxe4 17. Nxf5 1-0

[Event "Kieler Open 2021"]
[Site "Kiel"]
[Date "2021.07.25"]
[Round "3.13"]
[White "Schalla, Dieter"]
[Black "Gut, Lionel"]
[Result "1-0"]
[WhiteElo "2043"]
[BlackElo "1767"]
[Annotator "PS"]
[PlyCount "81"]
[EventDate "2021.??.??"]

1. c4 e5 2. g3 Nf6 3. Bg2 d5 4. cxd5 Nxd5 5. Nf3 Nc6 6. d3 Bc5 7. Nc3 Nxc3 8.
bxc3 O-O 9. O-O Rb8 10. Bb2 b6 11. d4 Bd6 12. Qc2 Qe7 13. Nd2 Bb7 14. e4 Ba6
15. Rfe1 Rfd8 16. Nf1 Bxf1 17. Rxf1 Na5 18. Rad1 c5 19. d5 b5 20. Bc1 b4 21. f4
c4 22. cxb4 Bxb4 23. fxe5 Rb7 24. Rf3 c3 25. a3 Bxa3 26. Bxa3 Qxa3 27. Rxc3 Qb2
28. Rc8 Qb6+ 29. Kh1 Rb8 30. Rxd8+ Rxd8 31. Bh3 Qh6 32. Qc7 Rf8 33. Bg2 Qh5 34.
Rf1 Nb3 35. Qc3 Rb8 36. d6 Qg4 37. Bf3 Qh3 38. Rb1 Qe6 39. Bd1 Qg6 40. Rxb3
Qxe4+ 41. Bf3 1-0

[Event "Kieler Open 2021"]
[Site "Kiel"]
[Date "2021.07.25"]
[Round "3.14"]
[White "Peglau, Charis"]
[Black "Kosanke, Stefan"]
[Result "1-0"]
[WhiteElo "1827"]
[BlackElo "2033"]
[Annotator "PS"]
[PlyCount "65"]
[EventDate "2021.??.??"]

1. d4 Nf6 2. c4 g6 3. f3 Bg7 4. e4 d6 5. Nc3 O-O 6. Be3 e5 7. Nge2 Nc6 8. d5
Ne7 9. Qd2 c6 10. Rc1 cxd5 11. cxd5 Ne8 12. g4 f5 13. gxf5 gxf5 14. h4 fxe4 15.
fxe4 Nf6 16. Kd1 b5 17. Ng3 Ng4 18. Be2 a6 19. Kc2 Nxe3+ 20. Qxe3 b4 21. Nd1
Rf4 22. Kb1 Qf8 23. Qb6 Bg4 24. Bxg4 Rxg4 25. Nh5 Qf3 26. Nf2 Rf8 27. Nxg4 Qxg4
28. Nxg7 Qxe4+ 29. Ka1 Nxd5 30. Qg1 Rf4 31. Ne6+ Rg4 32. Rc8+ Kf7 33. Ng5+ 1-0

[Event "Kieler Open 2021"]
[Site "Kiel"]
[Date "2021.07.25"]
[Round "3.15"]
[White "Gibhardt, Peter"]
[Black "Quiring, Nikolai"]
[Result "0-1"]
[WhiteElo "1754"]
[BlackElo "2005"]
[Annotator "PS"]
[PlyCount "112"]
[EventDate "2021.??.??"]

1. e4 e6 2. d4 d5 3. exd5 exd5 4. Nf3 Bd6 5. Be2 Ne7 6. O-O O-O 7. c3 Nbc6 8.
Bg5 f6 9. Bh4 Nf5 10. Bd3 Nxh4 11. Nxh4 f5 12. Qh5 Qf6 13. Nf3 h6 14. Nbd2 Bd7
15. Nh4 g5 16. Nxf5 Bxf5 17. Bxf5 Qxf5 18. Qxh6 Bf4 19. Rad1 g4 20. Qh4 Rf7 21.
f3 Rh7 22. Qxg4+ Qxg4 23. fxg4 Bxh2+ 24. Kf2 Rf8+ 25. Ke3 Re7+ 26. Kd3 Bf4 27.
Rf3 Ref7 28. Nb3 b6 29. Rdf1 Nd8 30. c4 dxc4+ 31. Kxc4 a5 32. d5 Be5 33. Nd4
Rf4 34. Rxf4 Rxf4 35. Rxf4 Bxf4 36. b4 axb4 37. Kxb4 Kf7 38. a4 Kf6 39. a5 Bd2+
40. Ka4 Bxa5 41. Nb5 c6 42. dxc6 Nxc6 43. Nc7 Ke5 44. Kb5 Nd4+ 45. Ka6 Kd6 46.
Ne8+ Kc6 47. g5 Ne6 48. Nf6 Nxg5 49. Ng4 Bc3 50. Ne3 b5 51. Nc2 Ne6 52. g4 Nd4
53. Na3 b4 54. Nb1 Nb3 55. g5 Nd2 56. Nxc3 bxc3 0-1

[Event "Kieler Open 2021"]
[Site "Kiel"]
[Date "2021.07.25"]
[Round "3.16"]
[White "Schiller, Thomas"]
[Black "Thielemann, Joachim"]
[Result "1/2-1/2"]
[WhiteElo "1956"]
[BlackElo "1746"]
[Annotator "PS"]
[PlyCount "118"]
[EventDate "2021.??.??"]

1. e4 e5 2. Nc3 Nc6 3. Bc4 Nf6 4. d3 Be7 5. Nge2 O-O 6. O-O Na5 7. Bb3 Nxb3 8.
axb3 a6 9. Ng3 d6 10. h3 c6 11. f4 exf4 12. Bxf4 Be6 13. Qe2 Qd7 14. d4 Rad8
15. Rad1 Qc7 16. Rd3 Kh8 17. Rdf3 b5 18. Bg5 Ng8 19. Bxe7 Qxe7 20. Nh5 f6 21.
Qf2 Rf7 22. Nf4 Re8 23. Kh1 Bd7 24. Re3 Qd8 25. Rfe1 Qc7 26. Nd3 Bc8 27. Ne2
Qa7 28. c3 Rff8 29. Nef4 Qf7 30. b4 g5 31. Ne2 Qg6 32. Ng3 h5 33. Qe2 h4 34.
Nf1 Re7 35. Nd2 Rfe8 36. e5 fxe5 37. dxe5 Bf5 38. Qf3 Bxd3 39. Rxd3 Rxe5 40.
Rxe5 Rxe5 41. Rd4 d5 42. Qf2 Qf6 43. Nf3 Kg7 44. Qd2 Rf5 45. Rg4 Kf8 46. Rxg5
Ne7 47. Rxf5 Nxf5 48. Kg1 Ng3 49. Qe3 Kg7 50. Qa7+ Kg6 51. Qe3 Ne4 52. Qe1 Kh5
53. Qd1 Kg6 54. Qe1 Ng3 55. Qe3 Qf4 56. Qe8+ Kg7 57. Qe7+ Kg8 58. Qe8+ Kh7 59.
Qe7+ Kg8 1/2-1/2

[Event "Kieler Open 2021"]
[Site "Kiel"]
[Date "2021.07.25"]
[Round "3.17"]
[White "Ahrens, Jan"]
[Black "Basey, Matthew"]
[Result "0-1"]
[WhiteElo "1724"]
[BlackElo "1922"]
[Annotator "PS"]
[PlyCount "86"]
[EventDate "2021.??.??"]

1. d4 Nf6 2. e3 e6 3. Bd3 c5 4. c3 Be7 5. f4 b6 6. Nf3 Ba6 7. O-O Qc8 8. a3
Bxd3 9. Qxd3 Qa6 10. Qxa6 Nxa6 11. Nbd2 O-O 12. b4 Nd5 13. Nb1 cxd4 14. cxd4
Rfc8 15. b5 Nac7 16. a4 a6 17. bxa6 Rxa6 18. Bd2 Ne8 19. Rc1 Rxc1+ 20. Bxc1 Bb4
21. Kf2 b5 22. a5 Rxa5 23. Rxa5 Bxa5 24. e4 Nc3 25. Nxc3 Bxc3 26. Bd2 Bxd2 27.
Nxd2 Kf8 28. Ke3 Ke7 29. e5 f5 30. Kd3 Nc7 31. Nb1 Nd5 32. g3 b4 33. Nd2 h6 34.
h4 Kf7 35. h5 g6 36. Nf1 gxh5 37. Kc4 Kg6 38. Kc5 h4 39. gxh4 b3 40. Kd6 b2 41.
Nd2 Kf7 42. Kxd7 Nxf4 43. Nb1 Nd5 0-1

[Event "Kieler Open 2021"]
[Site "Kiel"]
[Date "2021.07.25"]
[Round "3.18"]
[White "Lambrecht, Niklas"]
[Black "Heutling, Elina"]
[Result "1-0"]
[WhiteElo "1654"]
[BlackElo "1919"]
[Annotator "PS"]
[PlyCount "57"]
[EventDate "2021.??.??"]

1. e4 c5 2. Nc3 d6 3. f4 Nf6 4. Nf3 g6 5. Bb5+ Bd7 6. Bc4 Bg7 7. d3 Nc6 8. O-O
O-O 9. Qe1 Nd4 10. Nxd4 cxd4 11. Ne2 Bc6 12. Bb3 Nd7 13. a3 Kh8 14. f5 Ne5 15.
Qh4 d5 16. Bg5 f6 17. Bh6 dxe4 18. Bxg7+ Kxg7 19. Nf4 Bd7 20. dxe4 d3 21. Rad1
Qb6+ 22. Kh1 dxc2 23. Rxd7 Qxb3 24. Rxe7+ Rf7 25. Ne6+ Kg8 26. Rxf7 Kxf7 27.
Qxh7+ Ke8 28. Qg8+ Kd7 29. Nc5+ 1-0

[Event "Kieler Open 2021"]
[Site "Kiel"]
[Date "2021.07.25"]
[Round "3.19"]
[White "Peglau, Dora"]
[Black "Scheid, Lennart"]
[Result "1-0"]
[WhiteElo "1906"]
[BlackElo "1647"]
[Annotator "PS"]
[PlyCount "115"]
[EventDate "2021.??.??"]

1. d4 f5 2. Nf3 e6 3. c4 Nf6 4. Bf4 Bd6 5. Bxd6 cxd6 6. Nc3 Nc6 7. Nb5 O-O 8.
Nxd6 Ne4 9. Nxe4 fxe4 10. Nd2 Nxd4 11. Nxe4 Qa5+ 12. Nc3 Qb6 13. b3 Qc5 14. Rc1
b6 15. e3 Nf5 16. Qd2 Rf7 17. Bd3 a6 18. O-O Bb7 19. Be4 Bxe4 20. Nxe4 Qc6 21.
Ng3 Nh4 22. f3 Raf8 23. e4 h6 24. Rc3 g5 25. Rd3 Ng6 26. Rd6 Qc5+ 27. Qd4 Qxd4+
28. Rxd4 Nf4 29. Rd6 h5 30. Rf2 g4 31. Kf1 h4 32. Ne2 h3 33. Nxf4 Rxf4 34. Ke2
hxg2 35. Rxg2 Kh8 36. Rxg4 Rxf3 37. Rh4+ Kg8 38. Kd1 Rf2 39. a4 Ra2 40. Rd2
Rf1+ 41. Ke2 Rf2+ 42. Kxf2 Rxd2+ 43. Ke1 Rd3 44. Rg4+ Kh7 45. Rg3 Rd4 46. Re3
Kg6 47. Ke2 e5 48. Kf3 Rd1 49. Kg4 Rg1+ 50. Kh4 Rf1 51. Kg3 Rg1+ 52. Kf2 Rd1
53. Ke2 Rd6 54. Rd3 Rxd3 55. Kxd3 Kg5 56. b4 Kh4 57. b5 a5 58. c5 1-0

[Event "Kieler Open 2021"]
[Site "Kiel"]
[Date "2021.07.25"]
[Round "3.20"]
[White "Peglau, Mirjam"]
[Black "Klein, Edmund"]
[Result "1-0"]
[WhiteElo "1906"]
[BlackElo "1636"]
[Annotator "PS"]
[PlyCount "57"]
[EventDate "2021.??.??"]

1. d4 d5 2. Nf3 Nf6 3. Bf4 e6 4. e3 c5 5. c3 Bd6 6. Bg3 Ne4 7. Bd3 Nxg3 8. hxg3
g6 9. Nbd2 c4 10. Bb1 b5 11. e4 f5 12. exd5 exd5 13. Qe2+ Qe7 14. Qxe7+ Bxe7
15. Ne5 Bf6 16. g4 a5 17. gxf5 Bxf5 18. Bxf5 gxf5 19. Rh5 Bxe5 20. dxe5 Nc6 21.
Rxf5 Ne7 22. Rf6 Rb8 23. O-O-O Rf8 24. Rh1 Rf7 25. Rxf7 Kxf7 26. Rxh7+ Ke6 27.
Nf3 b4 28. Nd4+ Kd7 29. Rxe7+ 1-0

[Event "Kieler Open 2021"]
[Site "Kiel"]
[Date "2021.07.25"]
[Round "3.21"]
[White "Zielke, Bernd"]
[Black "Peglau, Sarah"]
[Result "0-1"]
[WhiteElo "1647"]
[BlackElo "1888"]
[Annotator "PS"]
[PlyCount "44"]
[EventDate "2021.??.??"]

1. d4 Nf6 2. Nd2 d5 3. Ngf3 Bf5 4. e3 e6 5. a3 c5 6. c4 Nc6 7. cxd5 exd5 8. Bb5
Rc8 9. O-O a6 10. Be2 c4 11. Nh4 Be6 12. g3 Bd6 13. Ng2 b5 14. b4 O-O 15. Qc2
Qd7 16. Qa2 Bf5 17. Re1 Be4 18. Bf1 Rfe8 19. Nxe4 Nxe4 20. Qc2 Ng5 21. Re2 Nf3+
22. Kh1 Qh3 0-1

[Event "Kieler Open 2021"]
[Site "Kiel"]
[Date "2021.07.25"]
[Round "3.22"]
[White "Strätker, Sebastian"]
[Black "Malinowsky, Levi"]
[Result "1/2-1/2"]
[WhiteElo "1887"]
[BlackElo "1593"]
[Annotator "PS"]
[PlyCount "61"]
[EventDate "2021.??.??"]

1. c4 e5 2. g3 Nf6 3. Bg2 d5 4. cxd5 Nxd5 5. Nc3 Nb6 6. Nf3 Nc6 7. O-O Be7 8.
a3 Be6 9. b4 a5 10. b5 Nd4 11. Rb1 a4 12. Bb2 Nc4 13. Nxd4 exd4 14. Nxa4 Nxb2
15. Nxb2 Bxa3 16. Bxb7 Rb8 17. Bc6+ Bd7 18. Nc4 Bxc6 19. bxc6 Be7 20. Qc2 O-O
21. Ne5 Rxb1 22. Rxb1 Qd5 23. Nd7 Ra8 24. d3 h6 25. Rb8+ Rxb8 26. Nxb8 Bd6 27.
Qa4 Qe5 28. Qc2 Qd5 29. Na6 Qb5 30. Qc4 Qe5 31. Kf1 1/2-1/2

[Event "Kieler Open 2021"]
[Site "Kiel"]
[Date "2021.07.25"]
[Round "3.23"]
[White "Tran, Minh Dat"]
[Black "Lu, Siyuan"]
[Result "1/2-1/2"]
[WhiteElo "1611"]
[BlackElo "1876"]
[Annotator "PS"]
[PlyCount "51"]
[EventDate "2021.??.??"]

1. c4 c5 2. g3 Nf6 3. Nc3 d5 4. cxd5 Nxd5 5. Bg2 Nc7 6. d3 e5 7. Nf3 Nc6 8. O-O
Be7 9. Be3 O-O 10. Rc1 Rb8 11. a3 a5 12. Ne4 b6 13. Ned2 f6 14. Nc4 Be6 15. Bd2
Qd7 16. Bc3 Rfd8 17. Qc2 Rdc8 18. Rfd1 a4 19. Re1 b5 20. Na5 Nxa5 21. Bxa5 Bb3
22. Qb1 Na6 23. Nd2 Bd5 24. Bxd5+ Qxd5 25. b4 axb3 26. Qxb3 1/2-1/2

[Event "Kieler Open 2021"]
[Site "Kiel"]
[Date "2021.07.25"]
[Round "3.24"]
[White "Weihrauch, Sebastian"]
[Black "Olde, Henning"]
[Result "1/2-1/2"]
[WhiteElo "1591"]
[BlackElo "1832"]
[Annotator "PS"]
[PlyCount "43"]
[EventDate "2021.??.??"]

1. e4 c5 2. Nf3 b6 3. d4 cxd4 4. Nxd4 Bb7 5. Nc3 Nc6 6. Be3 e6 7. Qd2 Nf6 8. f3
Rc8 9. Ndb5 Be7 10. Nd6+ Bxd6 11. Qxd6 Qe7 12. O-O-O Qxd6 13. Rxd6 Ke7 14. Rd2
Rhd8 15. Be2 Ne5 16. Bf4 Nc4 17. Bxc4 Rxc4 18. Bd6+ Ke8 19. Rhd1 a6 20. Nb1 Ng8
21. Na3 Rc6 22. c3 1/2-1/2

[Event "Kieler Open 2021"]
[Site "Kiel"]
[Date "2021.07.25"]
[Round "3.25"]
[White "Maas, Kolja"]
[Black "Kort, Felix"]
[Result "0-1"]
[WhiteElo "1559"]
[BlackElo "1816"]
[Annotator "PS"]
[PlyCount "54"]
[EventDate "2021.??.??"]

1. e4 e5 2. Nf3 Nc6 3. Bb5 a6 4. Ba4 Nf6 5. d3 b5 6. Bb3 Be7 7. Nc3 d6 8. a4 b4
9. Nd5 Nxd5 10. Bxd5 Bd7 11. Be3 O-O 12. a5 Rb8 13. Qd2 Rb5 14. c4 Rxa5 15.
Rxa5 Nxa5 16. Qxb4 c5 17. Qa3 Qb6 18. Bd2 Nb3 19. O-O Bg4 20. Rd1 Nd4 21. Nxd4
Bxd1 22. Ba5 Qa7 23. Nc6 Qd7 24. f3 Bg5 25. b4 Bxf3 26. Qb2 Qg4 27. Qf2 Be3 0-1

[Event "Kieler Open 2021"]
[Site "Kiel"]
[Date "2021.07.25"]
[Round "3.26"]
[White "Hentrop, Malte"]
[Black "Wartenberg, Alissa"]
[Result "1/2-1/2"]
[WhiteElo "1805"]
[BlackElo "1562"]
[Annotator "PS"]
[PlyCount "89"]
[EventDate "2021.??.??"]

1. d4 d5 2. c4 c6 3. Nc3 Nf6 4. Nf3 e6 5. Bg5 Nbd7 6. e3 Be7 7. Bd3 dxc4 8.
Bxc4 b5 9. Bd3 Bb7 10. O-O a6 11. Rc1 O-O 12. Qe2 c5 13. dxc5 Nxc5 14. Bb1 Rc8
15. b4 Ncd7 16. a3 Nd5 17. Bxe7 Qxe7 18. Nxd5 Bxd5 19. e4 Bb7 20. e5 Bxf3 21.
Qxf3 Nxe5 22. Qe4 Ng6 23. f4 f5 24. Qe3 Rxc1 25. Rxc1 Qd6 26. Re1 Rf6 27. g3 h6
28. Ba2 Nf8 29. Rc1 Kh7 30. Qc5 Qd2 31. Rc2 Qe1+ 32. Kg2 Qe4+ 33. Kg1 Qe1+ 34.
Kg2 Qe4+ 35. Kg1 Rg6 36. Rf2 Nd7 37. Qd6 Qe1+ 38. Kg2 Qe4+ 39. Kh3 Qe1 40. Rg2
Qe3 41. Qxd7 Qf3 42. Rg1 Qg4+ 43. Kg2 Qe2+ 44. Kh1 Qf3+ 45. Rg2 1/2-1/2

[Event "Kieler Open 2021"]
[Site "Kiel"]
[Date "2021.07.25"]
[Round "3.27"]
[White "Ermert, Karl Hans Rag"]
[Black "Lu, Yunong Elias"]
[Result "1-0"]
[WhiteElo "1767"]
[BlackElo "1557"]
[Annotator "PS"]
[PlyCount "73"]
[EventDate "2021.??.??"]

1. e4 c6 2. d4 d5 3. exd5 cxd5 4. Bd3 Nc6 5. c3 Qc7 6. Ne2 Nf6 7. Bf4 Qd8 8. h3
g6 9. O-O Bg7 10. Re1 O-O 11. Ng3 Re8 12. Nd2 Be6 13. Nf3 Qc8 14. Ng5 Bf5 15.
Bxf5 gxf5 16. Nh5 h6 17. Nxf6+ Bxf6 18. Nxf7 Kxf7 19. Qh5+ Kg8 20. Qg6+ Kh8 21.
Qxh6+ Kg8 22. Qg6+ Kh8 23. Re3 Rf8 24. Rg3 Rf7 25. Qxf7 Qe8 26. Qxd5 e6 27. Qb5
Qf7 28. Re1 Re8 29. Rge3 Nd8 30. d5 e5 31. Bxe5 Bxe5 32. f4 Bd4 33. cxd4 Rg8
34. Re8 Qg7 35. Rxg8+ Kxg8 36. Qe8+ Kh7 37. Re7 1-0

[Event "Kieler Open 2021"]
[Site "Kiel"]
[Date "2021.07.25"]
[Round "3.28"]
[White "Sauer, Tim"]
[Black "Serrer, David"]
[Result "1/2-1/2"]
[WhiteElo "1767"]
[BlackElo "1551"]
[Annotator "PS"]
[PlyCount "64"]
[EventDate "2021.??.??"]

1. e4 c5 2. Nf3 d6 3. d4 cxd4 4. Nxd4 Nf6 5. Nc3 g6 6. Be3 Bg7 7. Qd2 Nc6 8. f3
O-O 9. O-O-O d5 10. Nxc6 bxc6 11. exd5 Nxd5 12. Nxd5 cxd5 13. Qxd5 Qc7 14. Qc5
Qb7 15. Qa3 Rb8 16. c3 Bf5 17. Ba6 Qc6 18. Bd3 Bxd3 19. Rxd3 Qb5 20. Rhd1 Rfc8
21. Kc2 Be5 22. Qb3 Qa5 23. Qa3 Qb5 24. Qb3 Qc6 25. Qa3 Bd6 26. Rxd6 exd6 27.
Qxd6 Rxb2+ 28. Kxb2 Qxc3+ 29. Kb1 Qxe3 30. Qd2 Qb6+ 31. Qb2 Qc7 32. Rc1 Qd7
1/2-1/2

[Event "Kieler Open 2021"]
[Site "Kiel"]
[Date "2021.07.25"]
[Round "3.29"]
[White "Bräutigam, Alexander"]
[Black "Rohmann, Volker"]
[Result "1-0"]
[WhiteElo "1555"]
[BlackElo "1766"]
[Annotator "PS"]
[PlyCount "59"]
[EventDate "2021.??.??"]

1. d4 d5 2. c4 c6 3. Nc3 Nf6 4. e3 e6 5. Nf3 Nbd7 6. cxd5 exd5 7. Bd3 Bd6 8.
O-O O-O 9. Bd2 Re8 10. Qc2 Qe7 11. a3 Ne4 12. b4 a6 13. Na4 Ndf6 14. Nc5 Rb8
15. h3 Bf5 16. Rfb1 Bg6 17. a4 Nxd2 18. Qxd2 Ne4 19. Qc2 Bh5 20. Nd2 f5 21.
Ndxe4 fxe4 22. Be2 Bg6 23. b5 axb5 24. axb5 cxb5 25. Rxb5 Rec8 26. Qb3 Bf7 27.
Nxb7 h6 28. Bg4 Be6 29. Nxd6 Qxd6 30. Bxe6+ 1-0

[Event "Kieler Open 2021"]
[Site "Kiel"]
[Date "2021.07.25"]
[Round "3.30"]
[White "Bräutigam, Katerina"]
[Black "Sturm, Simon"]
[Result "1-0"]
[WhiteElo "1738"]
[BlackElo "1533"]
[Annotator "PS"]
[PlyCount "51"]
[EventDate "2021.??.??"]

1. e4 g6 2. d4 d6 3. g3 Bg7 4. Bg2 Nf6 5. f4 O-O 6. h3 c5 7. c3 cxd4 8. cxd4
Nc6 9. Ne2 Qc7 10. O-O Nb4 11. Nbc3 a6 12. Be3 Nc6 13. Rc1 Rb8 14. g4 h5 15. g5
Nd7 16. f5 Qd8 17. Nf4 Qe8 18. Ncd5 e6 19. fxe6 fxe6 20. Nc7 Qe7 21. Ncxe6 Rf7
22. Qb3 Nf8 23. Nxf8 Bxf8 24. Rxc6 bxc6 25. Qxb8 Bb7 26. Nxg6 1-0

[Event "Kieler Open 2021"]
[Site "Kiel"]
[Date "2021.07.25"]
[Round "3.31"]
[White "Kirchner, Philipp"]
[Black "Gut, Raphael"]
[Result "0-1"]
[WhiteElo "1519"]
[BlackElo "1736"]
[Annotator "PS"]
[PlyCount "102"]
[EventDate "2021.??.??"]

1. e4 c5 2. Nf3 e6 3. g3 Nc6 4. Bg2 g6 5. O-O Bg7 6. c3 Nge7 7. d4 b6 8. d5 Na5
9. dxe6 fxe6 10. Bg5 O-O 11. Qd6 Rf7 12. Na3 Ba6 13. Rfd1 Be2 14. Bxe7 Qxe7 15.
Qxe7 Rxe7 16. Rd2 Bxf3 17. Bxf3 Rf8 18. Kg2 Ref7 19. Bd1 Bh6 20. f4 e5 21. b4
exf4 22. Rf2 f3+ 23. Kf1 Be3 24. Rb2 cxb4 25. cxb4 Bd4 26. Rbb1 Bxa1 27. bxa5
Bd4 28. Bb3 bxa5 29. Rd1 Bc5 30. Nb5 Rb8 31. Nd6 Bxd6 32. Rxd6 Rxb3 33. axb3
Re7 34. Kf2 Rxe4 35. Kxf3 Rb4 36. Rxd7 Rxb3+ 37. Ke4 a6 38. Ra7 Rb6 39. Kd4 a4
40. Kc5 Rb5+ 41. Kc4 Ra5 42. g4 a3 43. Kb4 a2 44. Kxa5 a1=Q+ 45. Kb6 Qd4+ 46.
Kxa6 Qxa7+ 47. Kxa7 Kf7 48. Kb6 Kf6 49. h4 g5 50. h5 Ke5 51. Kc5 Kf4 0-1

[Event "Kieler Open 2021"]
[Site "Kiel"]
[Date "2021.07.25"]
[Round "3.32"]
[White "Jarosch, Wolfram"]
[Black "Wang, Kaiwen"]
[Result "1-0"]
[WhiteElo "1731"]
[BlackElo "1068"]
[Annotator "PS"]
[PlyCount "77"]
[EventDate "2021.??.??"]

1. e4 e5 2. f4 exf4 3. Nf3 Nf6 4. e5 Nd5 5. Nc3 Nxc3 6. dxc3 d5 7. Bxf4 Bc5 8.
Bg5 Be7 9. Bxe7 Qxe7 10. Qxd5 Nc6 11. Bb5 Bd7 12. O-O-O O-O-O 13. Qc4 Nxe5 14.
Nxe5 Qg5+ 15. Kb1 Qxe5 16. Bxd7+ Rxd7 17. Rxd7 Kxd7 18. Qxf7+ Kc8 19. Rd1 Rd8
20. Rxd8+ Kxd8 21. a3 h6 22. h3 Qf6 23. Qxf6+ gxf6 24. Kc1 Ke7 25. Kd2 Ke6 26.
Ke3 Ke5 27. c4 c5 28. c3 b6 29. Kf3 Kf5 30. g4+ Ke5 31. h4 f5 32. g5 h5 33. b3
Kd6 34. Kf4 Ke6 35. b4 a6 36. b5 a5 37. a4 Kf7 38. Kxf5 Kg7 39. Ke5 1-0

[Event "Kieler Open 2021"]
[Site "Kiel"]
[Date "2021.07.25"]
[Round "3.33"]
[White "Peglau, Paul David"]
[Black "Karheily, Somar"]
[Result "0-1"]
[WhiteElo "1365"]
[BlackElo "1725"]
[Annotator "PS"]
[PlyCount "58"]
[EventDate "2021.??.??"]

1. d4 Nf6 2. Nf3 e6 3. Bf4 d5 4. e3 Bd6 5. Bg3 Bxg3 6. hxg3 h6 7. Bd3 b6 8. O-O
Ba6 9. c3 Bxd3 10. Qxd3 Nbd7 11. Nbd2 O-O 12. c4 c6 13. Rac1 Rc8 14. Rfd1 Qe7
15. a3 e5 16. Nxe5 Nxe5 17. dxe5 Qxe5 18. b4 Rfd8 19. Qe2 Qb2 20. cxd5 Rxd5 21.
e4 Nxe4 22. Qa6 Rcd8 23. Nxe4 Rxd1+ 24. Rxd1 Rxd1+ 25. Kh2 Qe5 26. Qc8+ Kh7 27.
Qg4 Rd4 28. Ng5+ hxg5 29. Qh3+ Rh4 0-1

[Event "Kieler Open 2021"]
[Site "Kiel"]
[Date "2021.07.25"]
[Round "3.34"]
[White "Farokhi, Darian"]
[Black "Tatliak, Stefan"]
[Result "0-1"]
[WhiteElo "1182"]
[BlackElo "1700"]
[Annotator "PS"]
[PlyCount "112"]
[EventDate "2021.??.??"]

1. e4 e5 2. Nf3 Nc6 3. Bb5 a6 4. Bxc6 dxc6 5. O-O f6 6. d4 Bg4 7. h3 Bxf3 8.
Qxf3 Qxd4 9. Rd1 Qc4 10. Be3 Qe6 11. Nc3 Bd6 12. Rd3 Ne7 13. Re1 O-O 14. Qg3
Kh8 15. Bd2 Rae8 16. h4 b6 17. h5 Qf7 18. Qg4 Rg8 19. Rf3 Nc8 20. a3 Be7 21.
Rd1 Nd6 22. Qd7 Nc4 23. Qxc7 Nxb2 24. Qxb6 Nxd1 25. Nxd1 Qxh5 26. Qxc6 Rd8 27.
Qc3 Rc8 28. Qe3 Rxc2 29. Nc3 Qg5 30. Qxg5 fxg5 31. Be1 Rc1 32. Kf1 Bxa3 33. Na2
Rxe1+ 34. Kxe1 Bc5 35. Rf5 Bd4 36. Rxg5 Rb8 37. Rf5 g6 38. Rf6 Rb1+ 39. Kd2
Rb2+ 40. Ke1 Rxa2 41. f3 Rxg2 42. Rxa6 Rg1+ 43. Kd2 Ra1 44. Rxa1 Bxa1 45. Ke3
Bb2 46. f4 Bc1+ 47. Kf3 Bxf4 48. Kg4 Kg7 49. Kh4 h6 50. Kg4 Kf6 51. Kh4 Ke7 52.
Kg4 Kd6 53. Kh4 Kc5 54. Kg4 Kd4 55. Kh4 Kxe4 56. Kh3 Kf3 0-1